00776nam a2200229Ia 4500003000400000005001700004008004100021020001500062040001800077041000800095082002100103100002500124245005300149250001200202260003800214300002400252650003600276650003700312942003400349999001900383952014400402OSt20241204152134.0210716s1995 xx 000 0 und d a055356921X cAIMIT LIBRARY aeng a808.83 21bDAYD aDay, Dianne.9187659 aStrange files of fremont jones /cBy Dianne Day. a1st ed. aNew York :bBantam books ;c1995. a243p. ;bPBc17 cm. aShaking the foundations9187660 aVulnerability discovered9187661 2ddccBKe1st ed.k808.83 DAYD c199948d199948 00102ddc40708MBAaAIMITbAIMITd2021-07-16iBill no:; Bill dt:1900-01-00l0o808.83 DAYDpMBA02513r2025-07-21 00:00:00w2021-07-16yBK